| 000 | 00840nam a2200301Ia 4500 | ||
|---|---|---|---|
| 001 | dia_3497 | ||
| 003 | CHAP | ||
| 005 | 20230531113747.0 | ||
| 008 | 220117s2004 xx 000 0 und d | ||
| 010 | _a173957 | ||
| 020 | _a968-7903-74-0 | ||
| 040 | _cCHAP | ||
| 082 | _a330 B46 2004 | ||
| 100 |
_aBendesky, León _9154772 |
||
| 245 |
_aTemas de economía / _c León Bendesky ; edición Mónica Lobatón Díaz |
||
| 260 |
_aMéxico : _b Edere, _c2004 |
||
| 300 | _a238 p. | ||
| 503 | _aC/e | ||
| 504 | _aBibliografía: p. 223-225 | ||
| 590 | _aHB178.5 B46 2004 | ||
| 650 |
_aEconomía _935226 |
||
| 650 |
_aEconomics _9147376 |
||
| 700 |
_aLobatón Díaz, Mónica, ed. _9154773 |
||
| 901 | _a330 B46 2004 | ||
| 902 | _aM | ||
| 905 | _a5232272004 mx mn 8222223322spa16 | ||
| 942 |
_cLIBRO _2ddc |
||
| 999 |
_c173957 _d173957 |
||